[Event "Reykjavik Open 2016"]
[Site "Reykjavik ISL"]
[Date "2016.03.09"]
[Round "2.25"]
[White "Thorgeirsson, Jon Kristinn"]
[Black "Paehtz, Elisabeth"]
[Result "0-1"]
[BlackTitle "IM"]
[WhiteElo "2157"]
[BlackElo "2474"]
[WhiteFideId "2307731"]
[BlackFideId "4641833"]
[EventDate "2016.03.08"]

1. d4 d5 2. c4 c6 3. Nf3 Nf6 4. Nc3 dxc4 5. a4 Bg4 6. Ne5 Bh5 7. Nxc4 e6 8. Qb3
Na6 9. e3 Bb4 10. Bd3 O-O 11. O-O Qc7 12. Bd2 Be7 13. Rac1 Nb4 14. Bb1 a5 15. e4
Nd7 16. Be3 Qb8 17. e5 Nd5 18. Bd2 Bd8 19. Ne4 Be7 20. f3 Qa7 21. Be3 Qb8 22.
Bd2 Qa7 23. Rfd1 Nxe5 24. Kh1 Nxc4 25. Qxc4 Bg6 26. Re1 Rfd8 27. Rcd1 Nb4 28.
Be3 Qb8 29. Bf2 Qc8 30. Bg3 Qd7 31. b3 Qd5 32. Qc3 Na6 33. Qe3 Bb4 34. Re2 c5
35. Bf2 e5 36. Bd3 cxd4 37. Qg5 Qxb3 38. Bc2 Qe6 39. Rd3 Rac8 40. Bb3 Qe7 41.
Qg4 Rc1+ 42. Rd1 Rxd1+ 43. Bxd1 f5 44. Bb3+ Kh8 45. Qh3 0-1

[Event "Reykjavik Open 2016"]
[Site "Reykjavik ISL"]
[Date "2016.03.09"]
[Round "2.26"]
[White "Lampert, Jonas"]
[Black "Giannatos, Peter"]
[Result "1-0"]
[WhiteTitle "IM"]
[WhiteElo "2472"]
[BlackElo "2155"]
[WhiteFideId "1303759"]
[BlackFideId "2041650"]
[EventDate "2016.03.08"]

1. e4 Nf6 2. e5 Nd5 3. d4 d6 4. Nf3 dxe5 5. Nxe5 c6 6. Be2 Nd7 7. Nf3 g6 8. O-O
Bg7 9. Re1 O-O 10. c4 Nc7 11. Nc3 a6 12. a4 a5 13. Bg5 Ne6 14. Be3 Qc7 15. Rc1
Nf6 16. h3 Rd8 17. Qb3 Qb8 18. Bf1 Bf8 19. d5 Ng7 20. Bb6 Re8 21. Bd4 Bd7 22.
Be5 Qc8 23. Qd1 Qd8 24. Nd4 Nf5 25. Nxf5 Bxf5 26. g4 Bd7 27. Qd4 Bg7 28. Rcd1
Qc8 29. d6 c5 30. Qf4 Be6 31. dxe7 Nd7 32. Bxg7 Kxg7 33. Nd5 Qb8 34. Nc7 Rxe7
35. Qd6 1-0

[Event "Reykjavik Open 2016"]
[Site "Reykjavik ISL"]
[Date "2016.03.09"]
[Round "2.27"]
[White "Kvamme, John A"]
[Black "Petrov, Nikita"]
[Result "0-1"]
[BlackTitle "IM"]
[WhiteElo "2155"]
[BlackElo "2464"]
[WhiteFideId "1500562"]
[BlackFideId "4101286"]
[EventDate "2016.03.08"]

1. Nf3 d5 2. c4 e6 3. g3 Nf6 4. Bg2 Be7 5. O-O O-O 6. b3 c5 7. cxd5 exd5 8. d4
Nc6 9. Nc3 Ne4 10. Bb2 Bf6 11. Na4 cxd4 12. Nxd4 Bd7 13. Rc1 Qe7 14. Nxc6 Bxc6
15. Bd4 Rfe8 16. e3 a6 17. Nb6 Rad8 18. Rc2 Qb4 19. Bxf6 Nxf6 20. Qd4 Qxd4 21.
exd4 Bb5 22. Rfc1 Rd6 23. Na4 Rde6 24. h3 g6 25. Nc3 Re1+ 26. Rxe1 Rxe1+ 27. Kh2
Bc6 28. Bf3 g5 29. Nd1 Kf8 30. Ne3 Ra1 31. h4 h6 32. Ng4 Nxg4+ 33. Bxg4 Ke7 34.
hxg5 hxg5 35. Bf3 Kd6 36. Be2 Bd7 37. g4 f5 38. f3 f4 39. Kg2 Be8 40. Bd3 Rd1
41. Bf5 Rxd4 42. Rc8 Rd2+ 43. Kg1 Bb5 44. Rg8 Be2 45. Rg6+ Kc5 46. Rxg5 Bxf3 47.
Rg8 Kd4 48. Re8 Be4 49. Bxe4 dxe4 50. g5 Ke3 51. g6 0-1

[Event "Reykjavik Open 2016"]
[Site "Reykjavik ISL"]
[Date "2016.03.09"]
[Round "2.29"]
[White "Tan, Justin2"]
[Black "Riccardi, Thomas"]
[Result "1-0"]
[WhiteTitle "IM"]
[WhiteElo "2441"]
[BlackElo "2135"]
[WhiteFideId "3206882"]
[BlackFideId "2025973"]
[EventDate "2016.03.08"]

1. e4 c5 2. Nf3 e6 3. g3 Nc6 4. Bg2 Nf6 5. Qe2 e5 6. O-O Be7 7. c3 O-O 8. Na3
Re8 9. d3 h6 10. Nc4 Bf8 11. Qc2 b5 12. Ne3 d6 13. a4 b4 14. Nd2 Be6 15. f4 exf4
16. gxf4 Ng4 17. Nf3 Rc8 18. c4 g6 19. h3 Nxe3 20. Bxe3 Bg7 21. Rad1 b3 22. Qf2
Bd7 23. Kh1 Nb4 24. f5 Kh7 25. Qg3 gxf5 26. Nh4 Be5 27. Qf2 Qf6 28. Nxf5 Bxf5
29. Qd2 Qg7 30. Rxf5 Nc2 31. Rdf1 Rc7 32. Bf4 Bxb2 33. Rh5 Re6 34. e5 Bxe5 35.
Be4+ Rg6 36. Bxh6 1-0

[Event "Reykjavik Open 2016"]
[Site "Reykjavik ISL"]
[Date "2016.03.09"]
[Round "2.30"]
[White "Christensen, Janus"]
[Black "Sarkar, Justin"]
[Result "1/2-1/2"]
[BlackTitle "IM"]
[WhiteElo "2136"]
[BlackElo "2426"]
[WhiteFideId "1408402"]
[BlackFideId "2010011"]
[EventDate "2016.03.08"]

1. e4 e5 2. Nf3 Nc6 3. d4 exd4 4. Nxd4 Bb4+ 5. c3 Be7 6. Be3 Nf6 7. Nd2 O-O 8.
Be2 Re8 9. O-O Bf8 10. Bc4 d5 11. exd5 Nxd5 12. Nxc6 bxc6 13. Qf3 Be6 14. Rad1
Qh4 15. h3 Nxe3 16. Bxe6 Rxe6 17. fxe3 f6 18. Nb3 Rae8 19. Nd4 Rxe3 20. Qxc6 Qh5
21. Nf5 Re2 22. Rd5 Qg6 23. Rd3 Bc5+ 24. Kh2 Bd6+ 25. Nxd6 cxd6 26. Rg3 Qf7 27.
Qxd6 Kh8 28. b3 Rxa2 29. c4 h5 30. Rf5 Rae2 31. Rgg5 h4 32. Rg4 R2e4 33. Rff4
Rxf4 34. Qxf4 Kg8 35. Rxh4 Qb7 36. Rg4 Qb8 37. Qxb8 Rxb8 38. Rg3 Kf7 39. Re3 a5
40. Kg3 Rb4 41. Rc3 Ke6 42. Kf4 a4 43. bxa4 Rxa4 44. g4 g6 45. h4 Ra1 46. c5 Kd7
47. h5 Rf1+ 48. Rf3 Rc1 49. hxg6 Rxc5 50. g7 Rg5 51. Ra3 Ke6 52. Ra6+ Kf7 53.
Ra7+ Kg8 54. Rc7 Rxg7 55. Rxg7+ Kxg7 56. Kf5 Kf7 57. g5 fxg5 58. Kxg5 1/2-1/2

[Event "Reykjavik Open 2016"]
[Site "Reykjavik ISL"]
[Date "2016.03.09"]
[Round "2.31"]
[White "Thorfinnsson, Bragi"]
[Black "Edel, Thomas"]
[Result "1-0"]
[WhiteTitle "IM"]
[WhiteElo "2419"]
[BlackElo "2127"]
[WhiteFideId "2300958"]
[BlackFideId "24653233"]
[EventDate "2016.03.08"]

1. e4 c6 2. d4 d5 3. f3 dxe4 4. fxe4 e5 5. Nf3 Bg4 6. Bc4 Nd7 7. c3 Bxf3 8. Qxf3
Qh4+ 9. g3 Qf6 10. Qe2 Qg6 11. Rf1 Ngf6 12. Rf5 Bd6 13. Bd3 h6 14. Nd2 Bc7 15.
Nf3 O-O-O 16. dxe5 Nc5 17. Bc2 Nfd7 18. Be3 Qe6 19. b4 g6 20. Rf4 g5 21. Rf5
Nxe4 22. Bxe4 Nxe5 23. Bd4 1-0

[Event "Reykjavik Open 2016"]
[Site "Reykjavik ISL"]
[Date "2016.03.09"]
[Round "2.32"]
[White "Lindsoe, Fredrik Aunan"]
[Black "Holm, Kristian Stuvik"]
[Result "0-1"]
[BlackTitle "IM"]
[WhiteElo "2112"]
[BlackElo "2414"]
[WhiteFideId "1506560"]
[BlackFideId "1508083"]
[EventDate "2016.03.08"]

1. Nf3 f5 2. d3 d6 3. e4 e5 4. Nc3 Nc6 5. Nd5 Nf6 6. Nxf6+ Qxf6 7. Bg5 Qf7 8.
exf5 Be7 9. Be2 Bxf5 10. O-O O-O 11. c3 Kh8 12. Qa4 Bxg5 13. Nxg5 Qg6 14. Ne4 a6
15. Rad1 Be6 16. Ng3 Qf7 17. Ra1 b5 18. Qh4 Ne7 19. a4 b4 20. Ne4 Ng6 21. Qg3
Nf4 22. Bf3 h6 23. d4 Bd5 24. Rfe1 Rae8 25. Kh1 exd4 26. Rad1 Bb3 27. Rxd4 d5
28. Re3 dxe4 29. Bxe4 Nh5 30. Qf3 Qxf3 31. gxf3 Rd8 32. Rxd8 Rxd8 33. a5 Bc4 34.
h4 b3 35. Bg6 Nf4 36. Re4 Nxg6 37. Rxc4 Rd2 38. h5 Ne5 39. Rxc7 Rxb2 40. Kg2 Rc2 0-1

[Event "Reykjavik Open 2016"]
[Site "Reykjavik ISL"]
[Date "2016.03.09"]
[Round "2.33"]
[White "Jameson, David"]
[Black "Thorfinnsson, Bjorn"]
[Result "0-1"]
[BlackTitle "IM"]
[WhiteElo "2103"]
[BlackElo "2410"]
[WhiteFideId "1801538"]
[BlackFideId "2300982"]
[EventDate "2016.03.08"]

1. e4 e5 2. Nf3 Nc6 3. Bb5 a6 4. Ba4 Nf6 5. O-O b5 6. Bb3 Bc5 7. d3 d6 8. c3 Be6
9. Bg5 h6 10. Bh4 g5 11. Bg3 Qe7 12. Bxe6 fxe6 13. d4 exd4 14. cxd4 Bb6 15. e5
dxe5 16. Nxe5 Nxe5 17. Bxe5 O-O 18. Nc3 Rad8 19. Qd3 Qh7 20. Qxh7+ Kxh7 21. Rad1
Ng4 22. Bg3 h5 23. h3 h4 24. Bxc7 Bxc7 25. hxg4 Rf4 26. d5 b4 27. Ne2 Re4 28.
Rfe1 Rxd5 29. Rxd5 exd5 30. Rc1 Be5 31. Kf1 Bxb2 32. Rc7+ Kg8 33. f3 Rc4 34. Ra7
d4 0-1

[Event "Reykjavik Open 2016"]
[Site "Reykjavik ISL"]
[Date "2016.03.09"]
[Round "2.34"]
[White "Antal, Tibor Kende"]
[Black "Bruun, Henrik Emil"]
[Result "1-0"]
[WhiteTitle "FM"]
[WhiteElo "2406"]
[BlackElo "2123"]
[WhiteFideId "738581"]
[BlackFideId "1410334"]
[EventDate "2016.03.08"]

1. e4 e5 2. Nf3 Nc6 3. Bb5 a6 4. Ba4 Nf6 5. O-O Be7 6. Re1 b5 7. Bb3 d6 8. c3
O-O 9. h3 Nb8 10. d4 Nbd7 11. Nbd2 Bb7 12. Bc2 Re8 13. Nf1 Bf8 14. Ng3 g6 15. a4
c5 16. d5 c4 17. Bg5 Nc5 18. Nh2 Be7 19. Bh6 Bf8 20. Qd2 Bxh6 21. Qxh6 Nfd7 22.
Ng4 Qe7 23. Re3 f6 24. Rf3 Qg7 25. Qd2 Kh8 26. Nh6 bxa4 27. h4 Nb3 28. Bxb3 axb3
29. h5 Nc5 30. hxg6 Qxg6 31. Qe3 Bc8 32. Ngf5 Bxf5 33. Nxf5 Rad8 34. Rg3 Qh5 35.
Nxd6 1-0

[Event "Reykjavik Open 2016"]
[Site "Reykjavik ISL"]
[Date "2016.03.09"]
[Round "2.35"]
[White "Santeramo, Alessia"]
[Black "Liang, Awonder"]
[Result "0-1"]
[WhiteTitle "WFM"]
[BlackTitle "IM"]
[WhiteElo "2095"]
[BlackElo "2405"]
[WhiteFideId "850810"]
[BlackFideId "2056437"]
[EventDate "2016.03.08"]

1. e4 e5 2. Nf3 Nc6 3. Bb5 a6 4. Ba4 Nge7 5. O-O g6 6. c3 Bg7 7. d4 exd4 8. cxd4
b5 9. Bb3 O-O 10. Nc3 d6 11. h3 Na5 12. Bc2 c5 13. Re1 Bb7 14. d5 Nc4 15. Bb3
Nb6 16. Nh2 Qd7 17. Ng4 h5 18. Ne3 a5 19. f4 a4 20. Bc2 b4 21. Ne2 c4 22. Nd4 b3
23. Bb1 Qc7 24. Qd2 Qc5 25. Ne2 a3 26. Nc3 Na4 27. Nxa4 Rxa4 28. axb3 c3 29.
bxc3 Bxc3 30. Qc2 Raa8 31. Bxa3 Qd4 32. Bxd6 Bxe1 33. Rxa8 Qxe3+ 34. Kh1 Rxa8
35. Bxe7 Bg3 0-1

[Event "Reykjavik Open 2016"]
[Site "Reykjavik ISL"]
[Date "2016.03.09"]
[Round "2.36"]
[White "Christiansen, Johan-Sebastian"]
[Black "Finsterwalder, Sebastian"]
[Result "0-1"]
[WhiteTitle "IM"]
[WhiteElo "2401"]
[BlackElo "2095"]
[WhiteFideId "1512668"]
[BlackFideId "24632090"]
[EventDate "2016.03.08"]

1. Nf3 d5 2. c4 d4 3. b4 f6 4. e3 e5 5. c5 a5 6. Qa4+ Bd7 7. b5 Bxc5 8. Bc4 Ne7
9. O-O Bg4 10. exd4 exd4 11. Bb3 Qd6 12. Ba3 Bxf3 13. gxf3 Nd7 14. Re1 Ne5 15.
Bd1 Nd5 16. Re4 O-O-O 17. Qxa5 Kb8 18. Bxc5 Qxc5 19. Qa3 Nb4 20. Qb3 f5 21. Re1
Rhe8 22. Na3 Nbd3 23. Rf1 Rd6 24. Kh1 Rh6 25. f4 Nxf4 26. Qg3 Ned3 27. Nc2 Ree6
28. Qxg7 Reg6 29. Qh8+ Ka7 30. b6+ cxb6 31. Bf3 Nh3 32. Bg2 Ndxf2+ 33. Rxf2
Nxf2+ 34. Kg1 Nh3+ 35. Kh1 Qxc2 36. Qxd4 Rxg2 37. Kxg2 Qc6+ 38. Kg3 f4+ 39. Kg4
Rg6+ 40. Kh5 Rh6+ 41. Kg4 Qg2+ 42. Kf5 Qg6+ 43. Ke5 Qe6# 0-1

[Event "Reykjavik Open 2016"]
[Site "Reykjavik ISL"]
[Date "2016.03.09"]
[Round "2.37"]
[White "Thorhallsson, Simon"]
[Black "Hauge, Lars Oskar"]
[Result "0-1"]
[BlackTitle "FM"]
[WhiteElo "2092"]
[BlackElo "2393"]
[WhiteFideId "2310090"]
[BlackFideId "1509276"]
[EventDate "2016.03.08"]

1. d4 e6 2. c4 f5 3. g3 Nf6 4. Bg2 c6 5. Nf3 d5 6. O-O Bd6 7. b3 Qe7 8. Bb2 b6
9. Qc1 Bb7 10. Ba3 Nbd7 11. Bxd6 Qxd6 12. Nbd2 O-O 13. Qb2 Ne4 14. Rfd1 a5 15.
a4 Rac8 16. Rac1 Qe7 17. Ne5 Nxe5 18. dxe5 c5 19. e3 Rcd8 20. Nb1 Rd7 21. f3 Ng5
22. f4 Ne4 23. Bxe4 fxe4 24. Nc3 Bc6 25. Nb5 Bxb5 26. axb5 dxc4 27. bxc4 Rfd8
28. Rxd7 Qxd7 29. Qc2 Qd3 30. Qf2 Qd2 31. Qxd2 Rxd2 32. Ra1 Kf7 33. g4 g6 34. g5
Ke7 35. Ra3 Rd3 36. Ra2 Rxe3 37. Rd2 Rd3 38. Rc2 a4 39. Kg2 a3 0-1

[Event "Reykjavik Open 2016"]
[Site "Reykjavik ISL"]
[Date "2016.03.09"]
[Round "2.38"]
[White "Houska, Jovanka"]
[Black "Bottema, Martin"]
[Result "1/2-1/2"]
[WhiteTitle "IM"]
[WhiteElo "2387"]
[BlackElo "2091"]
[WhiteFideId "405094"]
[BlackFideId "1011006"]
[EventDate "2016.03.08"]

1. d4 Nf6 2. Nf3 e6 3. c4 Bb4+ 4. Bd2 a5 5. g3 d6 6. Bg2 Nbd7 7. O-O e5 8. Bg5
exd4 9. Nxd4 O-O 10. a3 Bc5 11. Nc3 h6 12. Bc1 a4 13. e3 Nb6 14. Qd3 c6 15. Bd2
Qe7 16. Rac1 Re8 17. h3 Be6 18. Nxe6 Qxe6 19. Ne2 Ne4 20. Nf4 Qe5 21. Rfd1 Nxd2
22. Rxd2 Nd7 23. Qc2 Qe7 24. Nd3 Bb6 25. Rcd1 Red8 26. Kh2 Nc5 27. Nxc5 Bxc5 28.
e4 Qf6 29. f4 Re8 30. Rd3 Ra6 31. R1d2 Raa8 32. Qd1 Qe6 33. Qc2 Qf6 34. h4 g5
35. Qd1 gxf4 36. Qg4+ Kh8 37. Qxf4 Re6 38. Qxf6+ Rxf6 39. Bh3 Re8 40. Bf5 h5 41.
Kg2 Kg7 42. Kf3 Rh6 43. Kf4 Kf6 44. Rxd6+ Bxd6+ 45. Rxd6+ Kg7 46. Rd7 b6 47. e5
Kf8 48. Ra7 Re7 49. Rxa4 Kg7 50. Ra6 c5 51. b3 Rb7 52. a4 Re7 53. Bh3 Rg6 54.
Ra8 Rc6 55. Rb8 Rg6 56. Rd8 Rh6 57. Bf5 Rh8 58. Rd6 Rb8 59. g4 hxg4 60. Bxg4
Rbe8 61. Rd5 Rh8 62. h5 Rhe8 63. a5 bxa5 64. Rxc5 Rb8 65. Kg5 Rxb3 66. Rxa5 1/2-1/2

[Event "Reykjavik Open 2016"]
[Site "Reykjavik ISL"]
[Date "2016.03.09"]
[Round "2.39"]
[White "Dietzsch, Herbert"]
[Black "Mihajlov, Sebastian"]
[Result "0-1"]
[BlackTitle "FM"]
[WhiteElo "2090"]
[BlackElo "2387"]
[WhiteFideId "4608364"]
[BlackFideId "1512110"]
[EventDate "2016.03.08"]

1. e4 e6 2. d4 d5 3. Nc3 Nf6 4. e5 Nfd7 5. f4 c5 6. Nf3 Nc6 7. Be3 h6 8. Qd2 g5
9. dxc5 gxf4 10. Bxf4 a6 11. O-O-O Nxc5 12. Be2 b5 13. Bd3 Qa5 14. Kb1 Nb4 15.
Nd4 Bd7 16. Rhe1 Rb8 17. Bf1 Qc7 18. a3 Na4 19. axb4 Nb6 20. Na2 Nc4 21. Qc1 a5
22. b3 axb4 23. bxc4 bxc4 24. Nb3 Qa7 25. Be3 Qa4 26. Qb2 Be7 27. Nc5 Bxc5 28.
Bxc5 b3 29. Kc1 Qa8 30. Qa3 bxc2 31. Kxc2 Ba4+ 32. Kd2 Rb3 33. Qc1 Qa5+ 34. Bb4
Qb6 35. Re2 Rd3+ 36. Ke1 Rxd1+ 37. Qxd1 Bxd1 38. Kxd1 Qd4+ 39. Ke1 Kd7 40. Bc3
Qa7 41. Rf2 Qe3+ 42. Be2 Rb8 0-1

[Event "Reykjavik Open 2016"]
[Site "Reykjavik ISL"]
[Date "2016.03.09"]
[Round "2.40"]
[White "Braun, Christian2"]
[Black "Arnarsson, Hrannar"]
[Result "1-0"]
[WhiteTitle "IM"]
[WhiteElo "2386"]
[BlackElo "2089"]
[WhiteFideId "4692098"]
[BlackFideId "2301121"]
[EventDate "2016.03.08"]

1. e4 e6 2. d3 d5 3. Nd2 dxe4 4. dxe4 Nc6 5. Ngf3 Bc5 6. Bc4 Nf6 7. O-O O-O 8.
c3 a6 9. a4 Qd6 10. h3 Ne5 11. Nxe5 Qxe5 12. Re1 Rd8 13. Qe2 Nh5 14. Nf3 Qg3 15.
Be3 Bxe3 16. Qxe3 Qf4 17. Qxf4 Nxf4 18. g3 Ng6 19. h4 Bd7 20. a5 Bb5 21. Bb3 Rd3
22. Kg2 Rad8 23. Bc2 R3d7 24. Nd4 Ne5 25. Red1 c5 26. Nb3 Rxd1 27. Bxd1 Nd3 28.
Be2 c4 29. Nd4 e5 30. Nxb5 axb5 31. Rd1 Kf8 32. b4 Ke7 33. Bxd3 cxd3 34. Kf3 d2
35. Ke3 Rc8 36. Kxd2 Ke6 37. Kc2 f5 38. exf5+ Kxf5 39. Rd7 Kg4 40. Rxb7 Rf8 41.
Rxb5 Rxf2+ 42. Kb3 Rf7 43. a6 Ra7 44. Ra5 Kf3 45. b5 e4 46. b6 Ra8 47. b7 Rb8
48. a7 Rxb7+ 49. Kc2 1-0

[Event "Reykjavik Open 2016"]
[Site "Reykjavik ISL"]
[Date "2016.03.09"]
[Round "2.41"]
[White "Thorhallsson, Gylfi"]
[Black "Tania, Sachdev"]
[Result "1/2-1/2"]
[BlackTitle "IM"]
[WhiteElo "2089"]
[BlackElo "2370"]
[WhiteFideId "2300800"]
[BlackFideId "5007844"]
[EventDate "2016.03.08"]

1. e4 e5 2. Nf3 Nc6 3. Bb5 a6 4. Ba4 Nf6 5. O-O b5 6. Bb3 Bb7 7. d3 Be7 8. Re1
d6 9. c3 O-O 10. Nbd2 Na5 11. Bc2 c5 12. d4 cxd4 13. cxd4 Nc6 14. d5 Nb8 15. Nf1
Nbd7 16. h3 Re8 17. Ng3 g6 18. Be3 Nb6 19. b3 Nfd7 20. Rc1 Rc8 21. Qd2 Rc7 22.
Qa5 Na8 23. Qd2 Nab6 24. Qa5 Na8 25. Qd2 Qb8 26. Bb1 Rxc1 27. Rxc1 Rc8 28. Rxc8+
Qxc8 29. Qc1 Qxc1+ 30. Bxc1 Kg7 31. Nh2 f5 32. f3 f4 33. Ne2 Bd8 34. g3 fxg3 35.
Nxg3 Bb6+ 36. Kg2 Bc5 37. f4 exf4 38. Bxf4 Ne5 39. Nf3 Nxf3 40. Kxf3 Nb6 41. Bd3
Nd7 42. Be2 Kf6 43. Nf1 Ne5+ 44. Kg2 Bc8 45. Nd2 g5 46. Bg3 Ng6 47. a4 Bd7 48.
axb5 axb5 49. Bf1 h5 50. Nf3 g4 51. hxg4 hxg4 52. Ne1 Ne5 53. Nd3 Bd4 54. Bh4+
Kf7 55. Nxe5+ Bxe5 56. Be2 g3 57. Bh5+ Kg7 58. Bxg3 Kf6 59. Bh4+ 1/2-1/2

[Event "Reykjavik Open 2016"]
[Site "Reykjavik ISL"]
[Date "2016.03.09"]
[Round "2.42"]
[White "Kavutskiy, Konstantin"]
[Black "Segerberg, Tomas"]
[Result "1/2-1/2"]
[WhiteTitle "FM"]
[WhiteElo "2369"]
[BlackElo "2070"]
[WhiteFideId "2026384"]
[BlackFideId "1712969"]
[EventDate "2016.03.08"]

1. d4 e6 2. c4 Nf6 3. Nf3 b6 4. Nc3 Bb4 5. Bg5 h6 6. Bh4 Bb7 7. Nd2 g5 8. Bg3
Ne4 9. Ncxe4 Bxe4 10. a3 Bxd2+ 11. Qxd2 d6 12. f3 Bb7 13. e4 Nc6 14. d5 Ne5 15.
dxe6 fxe6 16. c5 bxc5 17. Bxe5 dxe5 18. Qxd8+ Rxd8 19. Rc1 Rh7 20. Rxc5 Rhd7 21.
h4 g4 22. Bb5 c6 23. Be2 Ba6 24. Rc2 gxf3 25. gxf3 Bd3 26. Bxd3 Rxd3 27. Ke2 Rb3
28. Rg1 Kf7 29. h5 Rdb8 30. Rxc6 Rxb2+ 31. Kd3 R8b7 32. Rgc1 Rd7+ 33. Kc4 Rh2
34. Kb5 Rxh5 35. R1c5 Rh3 36. Rxe5 Rxf3 37. a4 Rb3+ 38. Ka6 Re7 39. a5 Rb4 40.
Rc1 Rd7 41. Rc6 Re7 42. Rc8 Kf6 43. Rh5 Kg7 44. Re5 Kf6 45. Rh5 Kg6 46. Rh4 Kg5
47. Rh1 Rxe4 48. Rg8+ Kf4 49. Rxh6 e5 50. Ra8 Rd4 51. Rxa7 Rxa7+ 52. Kxa7 e4 53.
a6 Rd7+ 54. Kb6 e3 55. a7 Rxa7 56. Kxa7 e2 57. Re6 Kf3 58. Rxe2 Kxe2 1/2-1/2

[Event "Reykjavik Open 2016"]
[Site "Reykjavik ISL"]
[Date "2016.03.09"]
[Round "2.43"]
[White "Lien, Kjell Hakon"]
[Black "Vuilleumier, Alexandre"]
[Result "1-0"]
[BlackTitle "IM"]
[WhiteElo "2083"]
[BlackElo "2366"]
[WhiteFideId "1510444"]
[BlackFideId "1305662"]
[EventDate "2016.03.08"]

1. c4 e5 2. g3 Nf6 3. Bg2 h6 4. Nc3 Bb4 5. e4 Bxc3 6. bxc3 d6 7. Ne2 a6 8. Rb1
Be6 9. Rxb7 Nbd7 10. Rb2 Bxc4 11. d3 Bb5 12. O-O Nc5 13. c4 Ba4 14. Qd2 O-O 15.
f4 Qe7 16. Rb1 Rab8 17. Ba3 Nfd7 18. Nc3 Bc6 19. Rxb8 Rxb8 20. Bh3 Ne6 21. Ne2
f6 22. Bxe6+ Qxe6 23. f5 Qe8 24. g4 Rb6 25. h4 Nc5 26. Ng3 Qb8 27. g5 hxg5 28.
hxg5 Nd7 29. g6 Rb1 30. Bc1 Qb6+ 31. Kg2 Qd4 32. Qc2 Rb8 33. Rd1 Qb6 34. Kf3 Kf8
35. Qh2 Ke7 36. Qh7 Re8 37. Qxg7+ Kd8 38. Rh1 Qb1 39. Be3 Qxd3 40. Qf7 Nc5 41.
Rh7 Bxe4+ 42. Kf2 Qc2+ 43. Ne2 Nd3+ 44. Kg3 1-0

[Event "Reykjavik Open 2016"]
[Site "Reykjavik ISL"]
[Date "2016.03.09"]
[Round "2.44"]
[White "Lochte, Thomas"]
[Black "Brunello, Marina"]
[Result "0-1"]
[BlackTitle "FM"]
[WhiteElo "2067"]
[BlackElo "2363"]
[WhiteFideId "4606272"]
[BlackFideId "822590"]
[EventDate "2016.03.08"]

1. e4 c5 2. d4 cxd4 3. c3 Nf6 4. e5 Nd5 5. Qxd4 e6 6. Nf3 Nc6 7. Qe4 Qc7 8. Bb5
a6 9. Bxc6 Qxc6 10. O-O b5 11. a4 Bb7 12. axb5 axb5 13. Rxa8+ Bxa8 14. Nd4 Qb7
15. Nd2 Qb8 16. N2f3 Nxc3 17. Qc2 Bxf3 18. Qxc3 Bd5 19. Qa5 Be7 20. Nxb5 O-O 21.
Nc3 Bc6 22. Be3 f6 23. exf6 Bxf6 24. Qa3 Be5 25. g3 Bf3 26. Qa7 Qxb2 27. Qxd7
Bxc3 28. Qxe6+ Kh8 29. Bc5 Rg8 30. Qf7 Qe2 31. Bf8 Bd4 32. h4 Qe4 33. Kh2 Be5
34. Kg1 Qg4 35. Re1 Bc6 36. Kf1 Bf6 37. h5 Bf3 38. Re8 Qh3+ 39. Ke1 Bc3# 0-1

[Event "Reykjavik Open 2016"]
[Site "Reykjavik ISL"]
[Date "2016.03.09"]
[Round "2.45"]
[White "Hedman, Erik"]
[Black "Diaz, Franck"]
[Result "1-0"]
[WhiteTitle "FM"]
[WhiteElo "2349"]
[BlackElo "2060"]
[WhiteFideId "1702351"]
[BlackFideId "639125"]
[EventDate "2016.03.08"]

1. Nf3 f5 2. c4 Nf6 3. g3 e6 4. Bg2 Be7 5. O-O O-O 6. d4 c6 7. Nbd2 d6 8. Qc2
Qe8 9. e4 fxe4 10. Nxe4 Qh5 11. Bf4 Nxe4 12. Qxe4 g5 13. Bd2 g4 14. Ne1 Na6 15.
Nd3 e5 16. dxe5 Bf5 17. Qe2 dxe5 18. Nxe5 Rae8 19. h3 Bg5 20. Bc3 Qh6 21. hxg4
Be6 22. b4 Be7 23. a3 Bd6 24. f4 Bc8 25. Rf2 Qg7 26. Bf3 Qe7 27. Rh2 Nc7 28. Be4
h6 29. g5 1-0

[Event "Reykjavik Open 2016"]
[Site "Reykjavik ISL"]
[Date "2016.03.09"]
[Round "2.46"]
[White "O'Gorman, Tom"]
[Black "Jackson, James P"]
[Result "1/2-1/2"]
[BlackTitle "FM"]
[WhiteElo "2067"]
[BlackElo "2347"]
[WhiteFideId "2508249"]
[BlackFideId "416860"]
[EventDate "2016.03.08"]

1. e4 e5 2. Nf3 Nc6 3. Bb5 a6 4. Ba4 Nf6 5. O-O Be7 6. Re1 b5 7. Bb3 d6 8. c3
O-O 9. h3 Nb8 10. d4 Nbd7 11. Nbd2 Bb7 12. Bc2 Re8 13. Nf1 Bf8 14. Ng3 g6 15.
Bg5 c5 16. d5 c4 17. Qd2 Nc5 18. Nh2 Be7 19. Rf1 Nfxe4 20. Nxe4 Nxe4 21. Bxe4
Bxg5 22. Qd1 f5 23. Bc2 Qf6 24. Nf3 Bh6 25. b3 Rec8 26. a4 Qf7 27. axb5 axb5 28.
bxc4 bxc4 29. Rb1 Qc7 30. Ba4 Ra5 31. Bb5 Ba8 32. Rb4 Qa7 33. Bxc4 Rac5 34. Qb3
Kh8 35. Rb1 Qf7 36. Rb8 Qa7 37. Rb4 1/2-1/2

[Event "Reykjavik Open 2016"]
[Site "Reykjavik ISL"]
[Date "2016.03.09"]
[Round "2.47"]
[White "Midoux, Sebastien"]
[Black "Valdimarsson, Einar"]
[Result "1-0"]
[WhiteElo "2342"]
[BlackElo "2029"]
[WhiteFideId "611140"]
[BlackFideId "2304813"]
[EventDate "2016.03.08"]

1. Nf3 d5 2. c4 dxc4 3. Qa4+ c6 4. Qxc4 e5 5. Nxe5 Be6 6. Qc2 Nf6 7. Nc3 Bd6 8.
Nf3 O-O 9. d4 c5 10. Bg5 Nc6 11. Rd1 Qb6 12. Bxf6 gxf6 13. d5 Nd4 14. Nxd4 cxd4
15. dxe6 dxc3 16. bxc3 Rac8 17. Rd3 Bb4 18. e7 Rfe8 19. h4 Rxe7 20. Rhh3 Bc5 21.
Rhg3+ Kf8 22. Rgf3 Re4 23. g3 Qc6 24. Qb3 Qc7 25. e3 Bb4 26. Rf4 f5 27. cxb4 1-0

[Event "Reykjavik Open 2016"]
[Site "Reykjavik ISL"]
[Date "2016.03.09"]
[Round "2.48"]
[White "Karlsson, Isak Orri"]
[Black "Gislason, Gudmundur"]
[Result "0-1"]
[BlackTitle "FM"]
[WhiteElo "1139"]
[BlackElo "2338"]
[WhiteFideId "2312530"]
[BlackFideId "2300559"]
[EventDate "2016.03.08"]

1. d4 Nf6 2. c4 g6 3. Nc3 d5 4. Bg5 Ne4 5. Nxe4 dxe4 6. d5 Bg7 7. Qc2 Qd6 8. Rb1
O-O 9. Qxe4 Bf5 10. Bxe7 Bxe4 11. Bxd6 cxd6 12. Rd1 Bxb2 13. Nf3 Bc2 14. Rd2 Bc3
15. Nd4 Bxd2+ 16. Kxd2 Ba4 17. e4 Nd7 18. f4 Rfe8 19. Bd3 Rac8 20. f5 Ne5 21.
Rc1 b5 22. fxg6 hxg6 23. h4 Nxd3 24. Kxd3 bxc4+ 25. Ke3 c3 26. Kd3 c2 27. Nxc2
Rxc2 28. Rxc2 Bxc2+ 29. Kxc2 Rxe4 0-1